[Event "Titled Tuesday intern op 20th Feb Late"]
[Site "Chess.com INT"]
[Date "2024.02.20"]
[Round "1"]
[White "Bagirova, Khatun"]
[Black "Rekhson, Vladislav"]
[Result "1-0"]
[WhiteElo "1737"]
[BlackElo "2023"]
[PlyCount "63"]
[EventDate "2024.02.20"]
[EventType "swiss (blitz)"]
[EventRounds "11"]
[EventCountry "USA"]
[SourceTitle "EXT 2025"]
[Source "ChessBase"]
[SourceDate "2024.10.14"]
[SourceVersion "1"]
[SourceVersionDate "2024.10.14"]
[SourceQuality "1"]

1. d4 Nf6 2. Nf3 d5 3. Bf4 e6 4. e3 c5 5. c3 Nc6 6. Nbd2 Be7 7. Bd3 h6 8. h3 b6 9. 0-0 Bb7 10. Qe2 g5 11. Bh2 g4 12. hxg4 Nxg4 13. Bf4 Bd6 14. dxc5 Bxf4 15. exf4 bxc5 16. Ne5 Ngxe5 17. fxe5 Rg8 18. Nf3 c4 19. Bc2 d4 20. Qxc4 Na5 21. Ba4+ Kf8 22. Qc5+ Kg7 23. Nxd4 Bxg2 24. Kxg2 Kh8+ 25. Kf3 Qg5 26. Qxa5 Qg2+ 27. Ke3 Rg4 28. Bc6 Qh3+ 29. f3 Rg2 30. Bxa8 Rxb2 31. Qd8+ Kh7 32. Qf6 1-0

[Event "Titled Tuesday intern op 13th Feb Early"]
[Site "Chess.com INT"]
[Date "2024.02.13"]
[Round "10"]
[White "Bagirova, Khatun"]
[Black "Garrido, Denis"]
[Result "0-1"]
[WhiteElo "1737"]
[BlackElo "2230"]
[PlyCount "150"]
[EventDate "2024.02.13"]
[EventType "swiss (blitz)"]
[EventRounds "11"]
[EventCountry "USA"]
[SourceTitle "CBM 218 Extra"]
[Source "ChessBase"]
[SourceDate "2024.03.31"]
[SourceVersion "1"]
[SourceVersionDate "2024.03.31"]
[SourceQuality "1"]

1. d4 Nf6 2. Nf3 g6 3. Bf4 Bg7 4. e3 0-0 5. Be2 b6 6. 0-0 Bb7 7. c4 d6 8. h3 Nbd7 9. Nc3 Ne4 10. Nxe4 Bxe4 11. Nd2 Bb7 12. Bf3 Bxf3 13. Nxf3 e5 14. Bh2 Qe7 15. Rc1 f5 16. b4 a5 17. a3 axb4 18. axb4 g5 19. dxe5 dxe5 20. Qd5+ Kh8 21. Rfd1 Rad8 22. Qc6 e4 23. Nxg5 Ne5 24. Bxe5 Bxe5 25. Rxd8 Rxd8 26. Qe6 Qxe6 27. Nxe6 Rd2 28. c5 Kg8 29. g3 Kf7 30. Ng5+ Kg6 31. h4 bxc5 32. bxc5 Kh5 33. c6 h6 34. Ne6 Kg4 35. Kg2 Bxg3 36. Rf1 Bd6 37. Ng7 Rc2 38. Ne8 Rxc6 39. Rh1 Be5 40. Rd1 Kxh4 41. Rd7 Re6 42. Nxc7 Rg6+ 43. Kh1 Kh3 44. Ne8 Ra6 45. Rd1 Ra8 46. Kg1 Rxe8 47. Kf1 Rg8 48. Ke2 Kh2 49. Rd7 Bf6 50. Rf7 Bg5 51. Rxf5 Re8 52. Rf7 Kh3 53. Rh7 Kg4 54. Rf7 h5 55. Kf1 h4 56. Kg2 h3+ 57. Kh2 Re5 58. Rh7 Rf5 59. Kg1 Bh4 60. Rg7+ Rg5 61. Re7 Kf3+ 62. Kh2 Bxf2 63. Rf7+ Kxe3 64. Kxh3 Ke2 65. Re7 e3 66. Rf7 Rg3+ 67. Kh2 Rg8 68. Rd7 Kf1 69. Rd1+ Be1 70. Rd3 e2 71. Rf3+ Bf2 72. Rh3 Bg1+ 73. Kh1 e1Q 74. Re3 Qh4+ 75. Rh3 Qxh3# 0-1

[Event "Titled Tuesday intern op 06th Feb Early"]
[Site "Chess.com INT"]
[Date "2024.02.06"]
[Round "4"]
[White "Bagirova, Khatun"]
[Black "Ajay, Karthikeyan"]
[Result "1/2-1/2"]
[WhiteElo "1737"]
[BlackElo "2401"]
[PlyCount "120"]
[EventDate "2024.02.06"]
[EventType "swiss (blitz)"]
[EventRounds "11"]
[EventCountry "USA"]
[SourceTitle "CBM 218 Extra"]
[Source "ChessBase"]
[SourceDate "2024.03.31"]
[SourceVersion "1"]
[SourceVersionDate "2024.03.31"]
[SourceQuality "1"]

1. d4 Nf6 2. Nf3 g6 3. Bf4 Bg7 4. e3 d6 5. h3 0-0 6. Be2 Nc6 7. 0-0 e5 8. Bh2 Ne4 9. c3 Ng5 10. Nbd2 Nxh3+ 11. gxh3 Bxh3 12. Re1 Re8 13. Kh1 e4 14. Ng1 Bf5 15. Bg4 Qd7 16. Bxf5 Qxf5 17. Qe2 h5 18. f4 exf3 19. Qxf3 Qc2 20. Nc4 Re7 21. Rac1 Qd3 22. Qe2 Qe4+ 23. Qg2 Qd3 24. Qe2 Qf5 25. e4 Qb5 26. b3 Rae8 27. Qg2 d5 28. Nd2 Qd3 29. e5 Bh6 30. Ngf3 Nd8 31. Qe2 Qxe2 32. Rxe2 Ne6 33. Rg1 Kh7 34. Nf1 c5 35. Ne3 Rd7 36. Rd1 cxd4 37. Nxd4 Nc5 38. Nb5 Ne4 39. Rd3 a6 40. Nxd5 f5 41. Rxe4 Rxd5 42. Rxd5 fxe4 43. Nc7 Re7 44. e6 e3 45. Bd6 e2 46. Re5 Bf4 47. Bxe7 Bxe5 48. Bh4 Kg7 49. Nd5 g5 50. Be1 h4 51. Kg2 Bg3 52. Kf3 Bxe1 53. Kxe2 Bg3 54. Kf3 Bd6 55. Kg4 Kg6 56. c4 a5 57. Kh3 Kg7 58. Kg4 Kg6 59. Kh3 Kg7 60. Kg4 Kg6 1/2-1/2

[Event "Titled Tuesday intern op 06th Feb Early"]
[Site "Chess.com INT"]
[Date "2024.02.06"]
[Round "6"]
[White "Bagirova, Khatun"]
[Black "Hnatyshyn, Anastasiya"]
[Result "1-0"]
[WhiteElo "1737"]
[BlackElo "2178"]
[PlyCount "81"]
[EventDate "2024.02.06"]
[EventType "swiss (blitz)"]
[EventRounds "11"]
[EventCountry "USA"]
[SourceTitle "CBM 218 Extra"]
[Source "ChessBase"]
[SourceDate "2024.03.31"]
[SourceVersion "1"]
[SourceVersionDate "2024.03.31"]
[SourceQuality "1"]

1. d4 d5 2. Nf3 Nf6 3. Bf4 c5 4. e3 Nc6 5. c3 Qb6 6. Qc2 g6 7. Nbd2 Bf5 8. dxc5 Qxc5 9. Qb3 Qb6 10. Be2 Bg7 11. 0-0 0-0 12. h3 Ne4 13. Rfd1 Nxd2 14. Rxd2 e5 15. Bh2 Be6 16. Qxb6 axb6 17. Bb5 f6 18. a3 Rfd8 19. Rad1 Bf8 20. Ne1 Na5 21. Bf1 Nb3 22. Re2 Kf7 23. Nd3 Nc5 24. Nb4 Na4 25. Red2 Bxb4 26. axb4 b5 27. Bxb5 Nb6 28. e4 Ke7 29. exd5 Nxd5 30. Bc4 Nxb4 31. Rxd8 Rxd8 32. Rxd8 Bxc4 33. Rb8 Nd3 34. Rxb7+ Ke6 35. b4 Nc1 36. Rxh7 Ne2+ 37. Kh1 Nxc3 38. Rc7 Kd5 39. Rc5+ Kd4 40. Bg1 Ne4 41. f3+ 1-0

[Event "Titled Tuesday intern op 06th Feb Early"]
[Site "Chess.com INT"]
[Date "2024.02.06"]
[Round "11"]
[White "Bagirova, Khatun"]
[Black "Mizzi, Jack"]
[Result "0-1"]
[WhiteElo "1737"]
[BlackElo "2043"]
[PlyCount "104"]
[EventDate "2024.02.06"]
[EventType "swiss (blitz)"]
[EventRounds "11"]
[EventCountry "USA"]
[SourceTitle "CBM 218 Extra"]
[Source "ChessBase"]
[SourceDate "2024.03.31"]
[SourceVersion "1"]
[SourceVersionDate "2024.03.31"]
[SourceQuality "1"]

1. d4 Nf6 2. Nf3 e6 3. Bf4 d5 4. e3 Nbd7 5. Nbd2 c5 6. c3 Be7 7. h3 0-0 8. Bd3 b6 9. 0-0 Bb7 10. Ne5 Ne4 11. f3 Nxd2 12. Qxd2 f6 13. Nxd7 Qxd7 14. Rad1 Bd6 15. Bxd6 Qxd6 16. Qc2 f5 17. Qe2 Qg3 18. Qf2 Qd6 19. Qe2 Rf6 20. dxc5 bxc5 21. e4 c4 22. Bb1 Qb6+ 23. Kh1 fxe4 24. fxe4 Raf8 25. Rxf6 Rxf6 26. e5 Rf2 27. Qh5 g6 28. Qg4 Kf7 29. Kh2 Qxb2 30. Rd4 Qxb1 31. Qh4 Qf5 32. Qxh7+ Ke8 33. Rh4 Qxe5+ 34. Kg1 Qe1+ 35. Kh2 Rxg2+ 36. Kxg2 Qd2+ 37. Kf1 Qc1+ 38. Kf2 Qb2+ 39. Kf1 Qa1+ 40. Kf2 Qb2+ 41. Kf1 Qc1+ 42. Kf2 Qd2+ 43. Kg3 Qe3+ 44. Kg4 Qg1+ 45. Kf3 Qf1+ 46. Ke3 Qg1+ 47. Kf3 d4+ 48. Qxb7 Qh1+ 49. Kg4 Qxb7 50. Rh8+ Kd7 51. Rh7+ Kc6 52. Rxb7 Kxb7 0-1

[Event "Titled Tuesday intern op 06th Feb Early"]
[Site "Chess.com INT"]
[Date "2024.02.06"]
[Round "5"]
[White "Ilamparthi, AR."]
[Black "Bagirova, Khatun"]
[Result "1-0"]
[WhiteElo "2414"]
[BlackElo "1737"]
[PlyCount "71"]
[EventDate "2024.02.06"]
[EventType "swiss (blitz)"]
[EventRounds "11"]
[EventCountry "USA"]
[SourceTitle "CBM 218 Extra"]
[Source "ChessBase"]
[SourceDate "2024.03.31"]
[SourceVersion "1"]
[SourceVersionDate "2024.03.31"]
[SourceQuality "1"]

1. e4 e6 2. d3 d5 3. Nd2 Nf6 4. Ngf3 Be7 5. g3 b6 6. Bg2 Bb7 7. e5 Nfd7 8. 0-0 c5 9. h4 Nc6 10. Re1 Qc7 11. Qe2 h6 12. h5 0-0-0 13. Nf1 g5 14. hxg6 fxg6 15. Bh3 Nf8 16. c3 g5 17. N1h2 Kb8 18. a3 Bc8 19. b4 Ng6 20. bxc5 Bxc5 21. d4 Be7 22. Qd3 Rdg8 23. Bg2 Na5 24. Ng4 Qd8 25. a4 Nf8 26. Nf6 Bxf6 27. exf6 Qxf6 28. Ne5 Nd7 29. c4 dxc4 30. Qe4 Nxe5 31. dxe5 Qe7 32. Qa8+ Kc7 33. Qxa7+ Bb7 34. Be3 Qb4 35. Rab1 Nb3 36. Qxb7+ 1-0

[Event "Titled Tuesday intern op 06th Feb Late"]
[Site "Chess.com INT"]
[Date "2024.02.06"]
[Round "11"]
[White "Janaszak, Dawid"]
[Black "Bagirova, Khatun"]
[Result "1-0"]
[WhiteElo "2308"]
[BlackElo "1737"]
[PlyCount "31"]
[EventDate "2024.02.06"]
[EventType "swiss (blitz)"]
[EventRounds "11"]
[EventCountry "USA"]
[SourceTitle "CBM 218 Extra"]
[Source "ChessBase"]
[SourceDate "2024.03.31"]
[SourceVersion "1"]
[SourceVersionDate "2024.03.31"]
[SourceQuality "1"]

1. e4 e6 2. b3 d5 3. Bb2 Nf6 4. d3 dxe4 5. Nd2 exd3 6. Bxd3 Be7 7. Qe2 c6 8. 0-0-0 Qa5 9. Kb1 Nbd7 10. Nc4 Qc7 11. Nf3 b6 12. Nce5 Bb7 13. Nxf7 Kxf7 14. Qxe6+ Kxe6 15. Ng5+ Kd5 16. Bc4+ 1-0

[Event "Titled Tuesday intern op 06th Feb Late"]
[Site "Chess.com INT"]
[Date "2024.02.06"]
[Round "9"]
[White "Korchmar, Vasiliy"]
[Black "Bagirova, Khatun"]
[Result "1-0"]
[WhiteElo "2438"]
[BlackElo "1737"]
[PlyCount "57"]
[EventDate "2024.02.06"]
[EventType "swiss (blitz)"]
[EventRounds "11"]
[EventCountry "USA"]
[SourceTitle "CBM 218 Extra"]
[Source "ChessBase"]
[SourceDate "2024.03.31"]
[SourceVersion "1"]
[SourceVersionDate "2024.03.31"]
[SourceQuality "1"]

1. e4 e6 2. d4 d5 3. e5 c5 4. c3 Nc6 5. Nf3 Bd7 6. Be2 Nge7 7. Na3 cxd4 8. cxd4 Ng6 9. Nc2 Be7 10. h4 Nxh4 11. Nxh4 Bxh4 12. Bd3 Be7 13. Qg4 g6 14. Bh6 Bf8 15. Bg5 Be7 16. Bh6 Bf8 17. 0-0-0 Qa5 18. Kb1 Nb4 19. Nxb4 Qxb4 20. a3 Qb6 21. Bxf8 Kxf8 22. Rc1 Kg7 23. Qf4 h5 24. Qf6+ Kg8 25. Bxg6 fxg6 26. Qxg6+ Kf8 27. Qf6+ Kg8 28. Rc3 h4 29. Rg3+ 1-0

[Event "Titled Tuesday intern op 30th Jan Early"]
[Site "Chess.com INT"]
[Date "2024.01.30"]
[Round "2"]
[White "Bagirova, Khatun"]
[Black "Ardila, Oscar Humberto"]
[Result "1-0"]
[WhiteElo "1737"]
[BlackElo "1952"]
[PlyCount "179"]
[EventDate "2024.01.30"]
[EventType "swiss (blitz)"]
[EventRounds "11"]
[EventCountry "USA"]
[SourceTitle "EXT 2025"]
[Source "ChessBase"]
[SourceDate "2024.10.14"]
[SourceVersion "1"]
[SourceVersionDate "2024.10.14"]
[SourceQuality "1"]

1. d4 Nf6 2. Nf3 e6 3. Bf4 Be7 4. h3 0-0 5. e3 b6 6. Nbd2 Bb7 7. Bd3 c5 8. c3 Nc6 9. 0-0 d6 10. Qe2 Rc8 11. a4 a5 12. Bh2 Re8 13. Rfe1 Bf8 14. Rad1 e5 15. dxe5 Nxe5 16. Nxe5 dxe5 17. Nc4 Qc7 18. Qc2 Qc6 19. Bf1 Nd7 20. Rxd7 Qxd7 21. Nxb6 Qc7 22. Nxc8 Rxc8 23. Rd1 f6 24. Bc4+ Kh8 25. Qf5 Qc6 26. Bf1 g6 27. Qc2 Bg7 28. f3 c4 29. Kh1 Qc5 30. e4 Bc6 31. Bg1 Qe7 32. Bxc4 f5 33. Bd5 Bd7 34. Qb3 fxe4 35. Bxe4 Be6 36. Qb7 Qxb7 37. Bxb7 Rb8 38. Bc6 h5 39. Bb5 Bb3 40. Rd6 Kh7 41. Ba7 Rf8 42. Bd3 Bf7 43. Bb6 Rb8 44. b4 axb4 45. cxb4 Bf8 46. Rc6 Kg7 47. b5 g5 48. a5 g4 49. hxg4 hxg4 50. fxg4 Bd5 51. Rc7+ Kf6 52. Kg1 Bb4 53. Kf2 e4 54. Be2 Ke5 55. g5 Rf8+ 56. Ke3 Bd6 57. Rd7 Ke6 58. Rh7 Bf4+ 59. Kd4 Be5+ 60. Kc5 Bd6+ 61. Kd4 Be5+ 62. Ke3 Bf4+ 63. Kf2 Bxg5+ 64. Ke1 e3 65. Rh5 Bf6 66. Bg4+ Kd6 67. Ke2 Re8 68. Rh6 Ke5 69. Bd4+ Kxd4 70. Rxf6 Bc4+ 71. Ke1 Kd3 72. Be2+ Kd4 73. Bxc4 Kxc4 74. b6 Kd3 75. Rd6+ Ke4 76. a6 Rg8 77. Re6+ Kd3 78. Rd6+ Ke4 79. b7 Rxg2 80. b8Q Rg1+ 81. Ke2 Rg2+ 82. Kd1 Rg1+ 83. Kc2 Rg2+ 84. Kc3 Rg1 85. Re6+ Kf3 86. Qe5 Rc1+ 87. Kb2 Re1 88. Qxe3+ Rxe3 89. Rxe3+ Kxe3 90. a7 1-0

[Event "Titled Tuesday intern op 30th Jan Late"]
[Site "Chess.com INT"]
[Date "2024.01.30"]
[Round "8"]
[White "Brozyna, Mateusz"]
[Black "Bagirova, Khatun"]
[Result "1-0"]
[WhiteElo "2259"]
[BlackElo "1737"]
[PlyCount "139"]
[EventDate "2024.01.30"]
[EventType "swiss (blitz)"]
[EventRounds "11"]
[EventCountry "USA"]
[SourceTitle "EXT 2025"]
[Source "ChessBase"]
[SourceDate "2024.10.14"]
[SourceVersion "1"]
[SourceVersionDate "2024.10.14"]
[SourceQuality "1"]

1. e4 e6 2. d4 d5 3. Nc3 dxe4 4. Nxe4 Nd7 5. Bd3 Ngf6 6. Ne2 c5 7. 0-0 cxd4 8. Nxd4 Be7 9. Qe2 0-0 10. Rd1 a6 11. Ng5 Qb6 12. c3 h6 13. Ngf3 Re8 14. Be3 Qc7 15. Qd2 e5 16. Nf5 e4 17. Bxh6 exd3 18. Bxg7 Ne5 19. Nxe5 Bxf5 20. Qg5 Nh7 21. Qxf5 Bd6 22. Qg4 f5 23. Qc4+ Kxg7 24. Qxc7+ Bxc7 25. Nxd3 b6 26. Kf1 Rad8 27. Nb4 Rxd1+ 28. Rxd1 Rd8 29. Rxd8 Bxd8 30. Nxa6 Nf6 31. Nb4 Kf7 32. Ke2 Ke6 33. Nd3 Bc7 34. g3 Ng4 35. h4 Kd5 36. h5 Nh6 37. b3 Ke4 38. Nb4 f4 39. f3+ Kf5 40. g4+ Kg5 41. Nd5 Bd8 42. c4 Nf7 43. b4 Ne5 44. c5 bxc5 45. bxc5 Nc6 46. a4 Nd4+ 47. Kf2 Nc6 48. Kg2 Ba5 49. Nb6 Bb4 50. Nd7 Ba3 51. Kf2 Bc1 52. Ke2 Be3 53. Kd3 Nd4 54. Ke4 Nc6 55. Kd5 Nb4+ 56. Kc4 Nc6 57. Kb5 Nd4+ 58. Kc4 Nxf3 59. c6 Bb6 60. Nxb6 Ne5+ 61. Kd5 Nxc6 62. Kxc6 f3 63. Nc4 Kf4 64. Nd2 f2 65. h6 Ke3 66. Nf1+ Ke2 67. h7 Kxf1 68. h8Q Kg2 69. Qf6 f1Q 70. Qxf1+ 1-0

[Event "Titled Tuesday intern op 30th Jan Late"]
[Site "Chess.com INT"]
[Date "2024.01.30"]
[Round "1"]
[White "Nakamura, Hikaru"]
[Black "Bagirova, Khatun"]
[Result "1-0"]
[WhiteElo "2788"]
[BlackElo "1737"]
[PlyCount "87"]
[EventDate "2024.01.30"]
[EventType "swiss (blitz)"]
[EventRounds "11"]
[EventCountry "USA"]
[SourceTitle "EXT 2025"]
[Source "ChessBase"]
[SourceDate "2024.10.14"]
[SourceVersion "1"]
[SourceVersionDate "2024.10.14"]
[SourceQuality "1"]

1. e4 e6 2. d3 d5 3. Nd2 Nf6 4. Ngf3 Be7 5. g3 c5 6. Bg2 Nc6 7. 0-0 b6 8. Re1 Bb7 9. c3 Qc7 10. e5 Nd7 11. Qe2 g5 12. h3 0-0-0 13. Nf1 Rdg8 14. g4 h5 15. Ng3 hxg4 16. hxg4 Rg6 17. d4 cxd4 18. cxd4 Kb8 19. Be3 Rc8 20. Rac1 Qd8 21. Rc2 Na5 22. Rxc8+ Bxc8 23. Rc1 Bb7 24. b3 Rg8 25. Qd2 Nc6 26. Bf1 Ba3 27. Rd1 Bb4 28. Qb2 Qe7 29. Bb5 Ba3 30. Qd2 Bb4 31. Qc1 Ba3 32. Qb1 a6 33. Bxc6 Bxc6 34. Qh7 Rg6 35. Bc1 Bxc1 36. Rxc1 Kb7 37. Qh8 Nb8 38. Nf5 exf5 39. gxf5 Qa3 40. Rc2 g4 41. fxg6 gxf3 42. g7 Qb4 43. g8Q Qe1+ 44. Kh2 1-0

[Event "Titled Tuesday intern op 30th Jan Late"]
[Site "Chess.com INT"]
[Date "2024.01.30"]
[Round "4"]
[White "Ramezani, Mahan"]
[Black "Bagirova, Khatun"]
[Result "1-0"]
[WhiteElo "2301"]
[BlackElo "1737"]
[PlyCount "87"]
[EventDate "2024.01.30"]
[EventType "swiss (blitz)"]
[EventRounds "11"]
[EventCountry "USA"]
[SourceTitle "EXT 2025"]
[Source "ChessBase"]
[SourceDate "2024.10.14"]
[SourceVersion "1"]
[SourceVersionDate "2024.10.14"]
[SourceQuality "1"]

1. e4 e6 2. Nf3 d5 3. e5 c5 4. b4 cxb4 5. d4 Nc6 6. a3 b3 7. cxb3 Bd7 8. Bd3 Nge7 9. 0-0 Ng6 10. b4 Be7 11. g3 0-0 12. h4 Rc8 13. Be3 b6 14. Ng5 h6 15. Nxf7 Rxf7 16. Bxg6 Rf8 17. Qg4 Kh8 18. Qh5 Be8 19. Nd2 Bxg6 20. Qxg6 Qd7 21. Rac1 a6 22. Rc2 Na7 23. Rfc1 Rxc2 24. Rxc2 Nb5 25. a4 Na3 26. Rc1 Bxb4 27. Kg2 Nc4 28. Nf3 b5 29. axb5 axb5 30. Ra1 Be7 31. Ra6 b4 32. Rxe6 b3 33. Bxh6 Bd8 34. Bxg7+ Qxg7 35. Qh5+ Kg8 36. Rg6 b2 37. Qg4 b1Q 38. Rxg7+ Kh8 39. Rg6 Rf7 40. Qe6 Rf8 41. Rh6+ Kg7 42. h5 Qe4 43. Rg6+ Kh7 44. Qd7+ 1-0

[Event "Titled Tuesday intern op 23rd Jan Early"]
[Site "Chess.com INT"]
[Date "2024.01.23"]
[Round "9"]
[White "Bagirova, Khatun"]
[Black "Buscar, Michael"]
[Result "1-0"]
[WhiteElo "1737"]
[BlackElo "2041"]
[PlyCount "29"]
[EventDate "2024.01.23"]
[EventType "swiss (blitz)"]
[EventRounds "11"]
[EventCountry "USA"]
[SourceTitle "EXT 2025"]
[Source "ChessBase"]
[SourceDate "2024.10.14"]
[SourceVersion "1"]
[SourceVersionDate "2024.10.14"]
[SourceQuality "1"]

1. d4 d5 2. Nf3 Nf6 3. Bf4 e6 4. e3 c5 5. c3 Nc6 6. Nbd2 Bd6 7. Bg3 cxd4 8. exd4 0-0 9. Bd3 Re8 10. 0-0 e5 11. dxe5 Nxe5 12. Be2 Ne4 13. Nxe4 dxe4 14. Nxe5 Bf5 15. Nxf7 1-0

[Event "Titled Tuesday intern op 23rd Jan Early"]
[Site "Chess.com INT"]
[Date "2024.01.23"]
[Round "6"]
[White "Bagirova, Khatun"]
[Black "Schnaider, Ilan"]
[Result "0-1"]
[WhiteElo "1737"]
[BlackElo "2323"]
[PlyCount "126"]
[EventDate "2024.01.23"]
[EventType "swiss (blitz)"]
[EventRounds "11"]
[EventCountry "USA"]
[SourceTitle "EXT 2025"]
[Source "ChessBase"]
[SourceDate "2024.10.14"]
[SourceVersion "1"]
[SourceVersionDate "2024.10.14"]
[SourceQuality "1"]

1. d4 Nf6 2. Nf3 d5 3. Bf4 c5 4. e3 e6 5. c3 Bd6 6. Bg3 Qc7 7. Nbd2 Nbd7 8. Bd3 0-0 9. 0-0 b6 10. e4 dxe4 11. Nxe4 Bxg3 12. hxg3 Bb7 13. Qe2 Rfd8 14. Rad1 h6 15. Rfe1 Rac8 16. dxc5 bxc5 17. Bb1 Nxe4 18. Bxe4 Nf6 19. Bxb7 Qxb7 20. Ne5 Rd5 21. Rxd5 Qxd5 22. c4 Qb7 23. Rd1 a5 24. b3 Ra8 25. Qe3 a4 26. bxa4 Qb4 27. Qb3 Ne4 28. Qf3 f5 29. Qh5 Qb2 30. Qf7+ Kh8 31. Ng6+ Kh7 32. Rf1 Qf6 33. Qxf6 gxf6 34. Nf4 e5 35. Nd5 Rxa4 36. f3 Nxg3 37. Rb1 Rxc4 38. Nxf6+ Kg7 39. Nd7 e4 40. fxe4 Nxe4 41. Rb7 Rc1+ 42. Kh2 c4 43. Ne5+ Kf6 44. Nf3 c3 45. Rb6+ Ke7 46. Rxh6 Ra1 47. Rc6 Rxa2 48. Nd4 Kd7 49. Rc4 f4 50. Nf5 Rc2 51. Nd4 Rc1 52. Nf3 Nd2 53. Rxf4 Nf1+ 54. Kh3 c2 55. Ne5+ Ke6 56. Nd3 Rd1 57. Rc4 Ne3 58. Rc3 Rxd3 59. Rxd3 c1Q 60. g4 Qf1+ 61. Kh4 Qxd3 62. Kg5 Qe4 63. Kh4 Qxg4# 0-1

[Event "Titled Tuesday intern op 23rd Jan Early"]
[Site "Chess.com INT"]
[Date "2024.01.23"]
[Round "7"]
[White "Rosenberg, Evan"]
[Black "Bagirova, Khatun"]
[Result "0-1"]
[WhiteElo "1932"]
[BlackElo "1737"]
[PlyCount "148"]
[EventDate "2024.01.23"]
[EventType "swiss (blitz)"]
[EventRounds "11"]
[EventCountry "USA"]
[SourceTitle "EXT 2025"]
[Source "ChessBase"]
[SourceDate "2024.10.14"]
[SourceVersion "1"]
[SourceVersionDate "2024.10.14"]
[SourceQuality "1"]

1. c4 e6 2. g3 d5 3. Bg2 Nf6 4. Nf3 Be7 5. 0-0 0-0 6. d4 c6 7. Nc3 b6 8. Ne5 Bb7 9. Qd3 Na6 10. a3 c5 11. cxd5 exd5 12. Bg5 c4 13. Qc2 Nc7 14. Rad1 Ne6 15. Bxf6 Bxf6 16. e3 a6 17. Nxc4 Rc8 18. Ne5 b5 19. Qb3 Nc7 20. Na4 Qd6 21. Nc5 Ba8 22. Ned7 Rfd8 23. Nxf6+ Qxf6 24. Bh3 Rb8 25. Nd7 Qh6 26. Kg2 Rb7 27. Nb6 Qxb6 28. Rc1 Ne6 29. Rc2 Rc7 30. Rfc1 Rdc8 31. Rxc7 Rxc7 32. Rxc7 Qxc7 33. Bg4 Qc4 34. Qd1 Qc7 35. Qf3 Qd6 36. h4 g6 37. Qf6 Qd8 38. Qe5 Qe8 39. h5 f5 40. Bf3 Qd7 41. h6 Bc6 42. g4 Ng5 43. Qb8+ Kf7 44. Qe5 Nxf3 45. Kxf3 fxg4+ 46. Kg3 Qe7 47. Qg7+ Ke6 48. Qe5+ Kd7 49. Kxg4 Qxe5 50. dxe5 Ke6 51. f4 Be8 52. Kf3 Kf5 53. Ke2 Ke4 54. Kd2 Bd7 55. b3 Bg4 56. a4 b4 57. a5 Be6 58. Ke2 Bf5 59. Kf2 Kd3 60. Kf3 Kc3 61. e4 dxe4+ 62. Ke3 Kxb3 63. Kd4 Ka4 64. e6 Bxe6 65. Kxe4 b3 66. Ke5 Bf5 67. Kf6 b2 68. Kg7 b1Q 69. Kxh7 g5+ 70. Kg7 gxf4 71. Kf6 f3 72. Ke5 f2 73. Kd4 f1Q 74. Kc3 Qfd3# 0-1

[Event "Bhubaneswar op-A 13th"]
[Site "Bhubaneswar"]
[Date "2022.05.23"]
[Round "2"]
[White "Bagirova, Khatun"]
[Black "Nitin, Senthilvel"]
[Result "0-1"]
[WhiteElo "1866"]
[BlackElo "2399"]
[PlyCount "54"]
[EventDate "2022.05.22"]
[EventType "swiss"]
[EventRounds "10"]
[EventCountry "IND"]
[SourceTitle "CBM 208 Extra"]
[Source "ChessBase"]
[SourceDate "2022.07.31"]
[SourceVersion "1"]
[SourceVersionDate "2022.07.31"]
[SourceQuality "1"]

1. e4 c5 2. Nf3 d6 3. d4 cxd4 4. Nxd4 Nf6 5. Nc3 a6 6. a4 e5 7. Nb3 Be6 8. Be2 Nc6 9. 0-0 Nb4 10. Be3 Rc8 11. Bf3 Be7 12. a5 0-0 13. Ra4 d5 14. Bc5 Rxc5 15. Rxb4 Rc7 16. Ra4 d4 17. Nb1 Qd7 18. Ra1 Rfc8 19. c3 Qb5 20. N1d2 dxc3 21. bxc3 Rxc3 22. Rb1 Qd7 23. h3 Rd3 24. Be2 Bxb3 25. Nxb3 Rxd1 26. Rfxd1 Qa4 27. f3 h6 0-1

[Event "Guwahati op 1st"]
[Site "Guwahati"]
[Date "2022.03.14"]
[Round "1"]
[White "Bagirova, Khatun"]
[Black "Rachit, Gianchandani"]
[Result "1-0"]
[WhiteElo "1855"]
[BlackElo "1103"]
[PlyCount "99"]
[EventDate "2022.03.14"]
[EventType "swiss"]
[EventRounds "10"]
[EventCountry "IND"]
[SourceTitle "CBM 207 Extra"]
[Source "ChessBase"]
[SourceDate "2022.05.31"]
[SourceVersion "1"]
[SourceVersionDate "2022.05.31"]
[SourceQuality "1"]

1. e4 c5 2. Nf3 d6 3. d4 cxd4 4. Nxd4 Nf6 5. Nc3 g6 6. Be3 Bg7 7. Bc4 0-0 8. Bb3 Bd7 9. 0-0 Nc6 10. h3 Qc8 11. f4 Nh5 12. Nd5 Re8 13. f5 e6 14. fxg6 hxg6 15. Nb5 exd5 16. Nxd6 Qc7 17. Bxd5 Be6 18. Nxf7 Be5 19. Rf3 Nf6 20. Nxe5 Qxe5 21. Bxc6 Red8 22. Qf1 bxc6 23. Rxf6 Qxe4 24. Re1 Re8 25. Bh6 Qd4+ 26. Kh2 Bf5 27. Rxc6 Rxe1 28. Qxe1 Qxb2 29. Qe7 Rc8 30. Rf6 Qb8+ 31. Rd6 Qb2 32. a4 a5 33. h4 Qc3 34. h5 Qh8 35. Rxg6+ Bxg6 36. Qe6+ Bf7 37. Qxc8+ Kh7 38. Qxh8+ Kxh8 39. g4 Be8 40. c4 Kh7 41. Bd2 Bxa4 42. Bxa5 Kh6 43. Bd2+ Kh7 44. Kg3 Bc6 45. Kf4 Kh6 46. Kf5+ Kh7 47. g5 Bf3 48. g6+ Kh8 49. Bc3+ Kg8 50. h6 1-0

[Event "Mersin op 5th"]
[Site "Mersin"]
[Date "2021.11.20"]
[Round "7"]
[White "Kayan, Veli"]
[Black "Bagirova, Khatun"]
[Result "0-1"]
[WhiteElo "1958"]
[BlackElo "1836"]
[PlyCount "86"]
[EventDate "2021.11.16"]
[EventType "swiss"]
[EventRounds "9"]
[EventCountry "TUR"]
[SourceTitle "EXT 2023"]
[Source "ChessBase"]
[SourceDate "2022.10.05"]
[SourceVersion "1"]
[SourceVersionDate "2022.10.05"]
[SourceQuality "1"]

1. e4 c5 2. Nf3 d6 3. d4 cxd4 4. Nxd4 Nf6 5. Nc3 Nc6 6. f3 e6 7. Bc4 Be7 8. Bb3 0-0 9. Be3 Bd7 10. Qe2 Nxd4 11. Bxd4 Bc6 12. g4 Qa5 13. 0-0-0 b5 14. Bxf6 Bxf6 15. Rxd6 b4 16. Nd1 Qc5 17. Qd2 Be5 18. Rxc6 Qxc6 19. Qxb4 a5 20. Qc4 Qb6 21. Kb1 Rfc8 22. Qe2 a4 23. Bc4 Rab8 24. c3 Qc5 25. Ba6 Rc6 26. Kc2 a3 27. b3 Bxc3 28. Bc4 Bf6 29. f4 Qd4 30. e5 Qa1 31. Kd3 Rd8+ 32. Ke3 Be7 33. Nf2 Qc3+ 34. Bd3 Bc5+ 35. Kf3 Bxf2 36. Rd1 Bd4 37. Kg2 Qb2 38. Rd2 Qc1 39. Kh3 Bb6 40. Rd1 Qxf4 41. Rf1 Qe3+ 42. Qxe3 Bxe3 43. Rd1 Bg5 0-1

[Event "Mersin op 5th"]
[Site "Mersin"]
[Date "2021.11.18"]
[Round "4"]
[White "Gurer, Oguz Kagan"]
[Black "Bagirova, Khatun"]
[Result "0-1"]
[WhiteElo "1389"]
[BlackElo "1836"]
[PlyCount "62"]
[EventDate "2021.11.16"]
[EventType "swiss"]
[EventRounds "9"]
[EventCountry "TUR"]
[SourceTitle "EXT 2023"]
[Source "ChessBase"]
[SourceDate "2022.10.05"]
[SourceVersion "1"]
[SourceVersionDate "2022.10.05"]
[SourceQuality "1"]

1. e4 c5 2. b3 Nc6 3. Bb2 d6 4. Bb5 Nf6 5. Nc3 Bd7 6. f4 a6 7. Bxc6 Bxc6 8. Qe2 e6 9. Nf3 b6 10. a4 Be7 11. d4 cxd4 12. Nxd4 Bb7 13. 0-0-0 Qc7 14. g4 d5 15. e5 Ne4 16. Nxe4 dxe4 17. f5 Bd5 18. Kb1 b5 19. axb5 axb5 20. Nxb5 Qa5 21. c4 0-0 22. Kc2 Bxc4 23. bxc4 Qa4+ 24. Kb1 Qa2+ 25. Kc2 Qa4+ 26. Kb1 Qa2+ 27. Kc2 Rfc8 28. Ra1 Rxc4+ 29. Nc3 Rxc3+ 30. Kxc3 Ra3+ 31. Kd4 Qd5# 0-1